000 01321cam a22004094i 4500
003 PE-LiUPU
005 20250731165351.0
008 150616s r 000 0 d
035 _a(Sirsi) a10097
035 _a(Sirsi) a10097
040 _aPE-LiUPU
_bspa
_cPE-LiUPU
_erda
049 _aPRUA
082 0 4 _a905
_bB71
_221
245 0 0 _aHistoria de las naciones :
_bPopular, concisa, pintoresca y autorizada relación de cada una de las naciones desde los tiempos más remotos hasta nuestros días.
_n2 /
_cW. M. y Flinders Petrie; traducido por Guillermo de Boladeres Ibern.
336 _atext
_2rdacontent
337 _aunmediated
_2rdamedia
338 _avolume
_2rdacarrier
526 _aSEG44
526 _aSEG26
526 _aP151
526 _aP150
526 _aP149
526 _aP146
526 _aP145
526 _aP126
526 _aP125
526 _aP92
526 _aP75
526 _aP74
526 _aP27
526 _aP15
910 _ajck
942 _2ddc
_cBOOK
949 _aRC 905 B71 2
_wDEWEY
_c1
_i16421
_lRC
_mBUL
_r0
_sY
_tBOOK
_u2015-4-23
_xBIBLIOTECA
_zUNKNOWN
_0COMPRA
_o.CIRCNOTE. No olvidar cambiar la fecha de devolución!!!!!!!
_o.STAFF. Colección General
999 _c110
_d110
980 _81
_gALBERTO SANCHEZ Responsable de Automatización